Bollywood Actors / Actresses by Picture - #6 - Statistics

General Stats
  • This quiz has been taken 141 times
  • The average score is 11 of 16
Answer Stats
Picture Answer % Correct
Tiger Shroff
95%
Rani Mukerji
91%
Kiara Advani
88%
Ananya Panday
86%
Sonakshi Sinha
86%
Vicky Kaushal
86%
Vivek Oberoi
69%
Ayushmann Khurrana
68%
Uday Chopra
67%
Abhay Deol
62%
Pooja Hegde
61%
Manoj Bajpayee
59%
Mahira Khan
52%
Amjad Khan
47%
Amrita Rao
38%
Rakhee Gulzar
21%
No matching quizzes found
Score Distribution
Percent of People with Each Score
Percentile by Number Answered
Your Score History
You have not taken this quiz